Mali : First Review Under the Three-Year Arrangement Under the Poverty Reduction and Growth Facility and Request for Waiver of Nonobservance of Performance Criteria.

This paper focuses on Mali's First Review Under the Three-Year Arrangement Under the Poverty Reduction and Growth Facility and Request for Waiver of Nonobservance Performance Criteria. Program implementation in 2004 was mixed. The authorities stuck to their fiscal program, meeting all targets a...

Szczegółowa specyfikacja

Opis bibliograficzny
Korporacja: International Monetary Fund
Format: Czasopismo
Język:English
Wydane: Washington, D.C. : International Monetary Fund, 2005.
Seria:IMF Staff Country Reports; Country Report ; No. 2005/129
Dostęp online:Full text available on IMF
LEADER 01824cas a2200241 a 4500
001 AALejournalIMF003549
008 230101c9999 xx r poo 0 0eng d
020 |c 5.00 USD 
020 |z 9781451826401 
022 |a 1934-7685 
040 |a BD-DhAAL  |c BD-DhAAL 
110 2 |a International Monetary Fund. 
245 1 0 |a Mali :   |b First Review Under the Three-Year Arrangement Under the Poverty Reduction and Growth Facility and Request for Waiver of Nonobservance of Performance Criteria. 
264 1 |a Washington, D.C. :  |b International Monetary Fund,  |c 2005. 
300 |a 1 online resource (73 pages) 
490 1 |a IMF Staff Country Reports 
500 |a <strong>Off-Campus Access:</strong> No User ID or Password Required 
500 |a <strong>On-Campus Access:</strong> No User ID or Password Required 
506 |a Electronic access restricted to authorized BRAC University faculty, staff and students 
520 3 |a This paper focuses on Mali's First Review Under the Three-Year Arrangement Under the Poverty Reduction and Growth Facility and Request for Waiver of Nonobservance Performance Criteria. Program implementation in 2004 was mixed. The authorities stuck to their fiscal program, meeting all targets and indicators through end-September, despite some revenue and financing shortfalls. However, progress on structural reforms, particularly privatization, has been disappointing. The authorities request waivers for three structural performance criteria on the basis of corrective actions concerning privatization policies in the cotton, telecommunications, and banking sectors. 
538 |a Mode of access: Internet 
830 0 |a IMF Staff Country Reports; Country Report ;  |v No. 2005/129 
856 4 0 |z Full text available on IMF  |u http://elibrary.imf.org/view/journals/002/2005/129/002.2005.issue-129-en.xml  |z IMF e-Library